OECD Due Diligence Guidance for Meaningful Stakeholder Engagement in the Extractive Sector

Salvato in:
Dettagli Bibliografici
Natura: Libro
Lingua:inglese
Pubblicazione: Paris OECD 2017
Soggetti:
Tags: Aggiungi Tag
Nessun Tag, puoi essere il primo ad aggiungerne!!

MARC

LEADER 00000nam a2200000 4500
001 0241565
005 20240221120054.3
020 |a 978-92-64-25240-0 
041 0 |a eng 
044 |a FR 
245 1 0 |a OECD Due Diligence Guidance for Meaningful Stakeholder Engagement in the Extractive Sector 
264 1 |a Paris  |b OECD  |c 2017 
300 |a 113 s. 
610 2 0 |a ťažba surovín 
610 2 0 |a zainteresovanosť hmotná 
610 2 0 |a plánovanie podnikové 
610 2 0 |a pracovníci vedúci 
610 2 0 |a osoby spolupracujúce 
610 2 0 |a aktivita pracovná 
610 2 0 |a monitoring 
610 2 0 |a obyvateľstvo 
610 2 0 |a spolupráca regionálna 
610 2 0 |a poradenstvo